LDR 00891naa#a2200181#i#450# 001 RU\\bibl\120967 005 20260601075059.1 011 ## _a2073-0454 100 ## _a20251015b2025####ek#y0rusy0150####ca 102 ## _aRU 200 1# _aПроблемы соблюдения процессуальных прав несовершеннолетних в российском уголовном производстве и пути их решения _eЖурнальная статья 210 1# _aМосква _cМосковский университет МВД России имени В.Я. Кикотя _d2025 215 ## _a6 с. 608 ## _aЖурнальная статья _2local 675 ## _aПраво. Юридические науки. 34 _z 700 #1 _aБыстрова _gЮлия Викторовна 700 #1 _aДолгополов _gКирилл Андреевич 856 4# _amosumvd.editorum.ru _u